01656nam a2200421 i 450000100060000000300080000600500170001400600190003100700150005000800410006502000180010602000270012403500230015103500240017403500250019803500210022304000310024405000210027508000080029608200170030410000380032124501270035926400640048630000410055033600310059133700330062233800430065558801250069859001640082365000200098765000210100765500270102870000440105570000370109979700190113685600620115599900170121740441FlNmELB20241216221859.0m o d | cr cnu||||||||150402s2014 mx o 000 0 spa d z9786074380590 a9786074389388 (e-book) a(MiAaPQ)EBC3227902 a(Au-PeEL)EBL3227902 a(CaPaEBR)ebr11017466 a(OCoLC)991965649 aFINmELBbspaerdacFINmELB 4aTJ265bJ617 2014 a5360 a621.40212231 aJiménez Bernal, José Alfredo.10aTermodinámica /cJosé Alfredo Jiménez Bernal, Claudia del Carmen Gutiérrez Torres, Juan Gabriel Barbosa Saldaña. 1aMéxico D.F. :bLarousse - Grupo Editorial Patria,c[2014] a1 recurso en línea (206 páginas) atextobtxt2rdacontent/spa acomputadorabc2rdamedia/spa arecurso en líneabcr2rdacarrier/spa aDescripción basada en recurso en línea; Título de la página del título en PDF (e-libro, visto April 02, 2015). aRecurso electrónico. Santa Fe, Arg.: e-libro, 2015. Disponible vía World Wide Web. El acceso puede estar limitado para las bibliotecas afiliadas a e-libro. 0aThermodynamics. 4aTermodinámica. 4aLibros electrónicos.1 aGutiérrez Torres, Claudia del Carmen.1 aBarbosa Saldaña, Juan Gabriel.2 ae-libro, Corp.40uhttps://elibro.net/ereader/politecnicointernacional/39466 c40441d40441